Представление документа в формате MARC21

Поле Инд. ПП Название Значение
Тип записи a
Библиографический уровень b
001 Контрольный номер RU/IS/BASE/160147161
005 Дата корректировки 20200630193259.2
008 Кодируемые данные 20050127
084 a Индекс другой классификации/Индекс ББК 60.524.125
a Индекс другой классификации/Индекс ББК 60.545.1
a Индекс другой классификации/Индекс ББК 60.561.3
100 1_ a Автор Щедрина О. В.
q Полное имя Щедрина Ольга Валерьевна
245 a Заглавие Возможна ли мультикультурная модель интеграции мигрантов в России?
504 a Библиография Библиогр.: 24 назв.
520 a Аннотация В статье приводятся данные социологических исследований ВЦИОМ
650 a Основная рубрика политическая социология
a Основная рубрика социология
a Основная рубрика социология групп
a Основная рубрика этносоциология
653 a Ключевые слова ассимиляционная интеграция
a Ключевые слова идентичность
a Ключевые слова интеграция общества
a Ключевые слова межэтническое взаимодействие
a Ключевые слова мигранты
a Ключевые слова многонациональное государство
a Ключевые слова модели интеграции
a Ключевые слова мультикультурная интеграция
a Ключевые слова национальная идентичность
a Ключевые слова политика мультикультурализма
a Ключевые слова полиэтничное население
a Ключевые слова Россия
a Ключевые слова США
a Ключевые слова этническая ассимиляция
a Ключевые слова этнические мигранты
773 t Заглавие источника Социологические исследования
d Дата издания источника 2004
g Прочая информация № 11. - С. 67 - 75
w Контрольный № источника RU/IS/BASE/154015832
901 t Тип документа b